| 000 | 00413nam a2200145Ia 4500 | ||
|---|---|---|---|
| 008 | 221030s9999 xx 000 0 und d | ||
| 041 | _aEnglish | ||
| 100 | _aR. P. Feynman | ||
| 245 | 4 |
_aThe Feynman Lectures on Physics : The Electromagnetic Field _cby R. P. Feynman, R. B. Leighton |
|
| 260 |
_bAddison Wesley _aLondon _c1969 |
||
| 300 | _a41 | ||
| 650 | _aBB Physics | ||
| 700 | _aR. B. Leighton | ||
| 942 | _cBK | ||
| 999 |
_c18224 _d18224 |
||